Culture générale - Quiz #45 - Statistiques

Statistiques générales
  • Ce quiz a été pris 101 049 fois
  • Le résultat moyen est 12 sur 20
Statistiques - réponses
Question Réponse % Correct
Quel film animé Disney raconte l'histoire d'un éléphant avec de grandes oreilles ? Dumbo
97%
Quel type de fromage italien est très fréquemment utilisé sur une pizza ? Mozzarella
97%
Quelle société a acheté Instagram pour un milliard de dollars en 2012 ? Facebook
93%
Quel drapeau est composé de cinq anneaux de différentes couleurs ? Drapeau olympique
88%
Bien que tombée en désuétude, quelle est l'échelle la plus connue pour mesurer l'intensité des séismes ? L'échelle de {Richter}
82%
Qu'est-ce qui peut être soit une fleur soit une partie de l'œil ? Iris
81%
Quelle île héberge 3 des 10 meilleures boîtes de nuit du monde, selon DJ Mag ? Ibiza
78%
Quel jour de l'année est célébrée la fête nationale des États-Unis ? 4 juillet
70%
Quelle société est souvent décrite comme l'équivalent européen de Boeing ? Airbus
70%
Dans quel état des États-Unis se trouve Pearl Harbor ? Hawaï
62%
Quel personnage de film a combattu au Vietnam, joué au ping-pong, péché la crevette et couru à travers les États-Unis ? Forrest Gump
60%
Combien existe-t-il de sommets de plus de 8 000 mètres d'altitude sur Terre ? 14
57%
À quel animal actuel de la même famille le Mastodonte ressemblait-il le plus ? Éléphant
55%
Quel homme politique français était au centre de l'affaire dite "du Sofitel de New York" en 2011 ? Dominique Strauss-Kahn
44%
Quel est le deuxième élément du tableau périodique des éléments ? Hélium
44%
De quelle "maison" est issue Juliette dans la pièce de Shakespeare "Roméo et Juliette" ? Capulet
35%
Qui a été condamné à mort en 399 avant notre ère pour impiété et corruption de la jeunesse d'Athènes ? Socrate
35%
Quelle est la capitale la plus à l'ouest du continent américain ? Mexico
34%
Quel mot commençant par un Z est l'opposé de nadir ? Zénith
15%
Qui est la sainte patronne des causes désespérées ? Sainte Rita
12%
Aucun quiz correspondant
Distribution des résultats
% des personnes avec chaque résultat
Percentile par nombre de réponses
Votre historique - résultats
Vous n’avez pas pris ce quiz